00362nam a22001337a 450000500170000000800410001704100130005808200120007110000120008324500310009526000470012630000300017365000250020320240805123829.0240805b |||||||| |||| 00| 0 eng d aEnglish  a349 SOU lEnglish aSouth African Law Reports  aCape Town: bJuta and Company Ltd, c1934  bvii, 127 pages; c25 cm.  aLegal practice bLaw